| 000 | 00504nam a2200169Ia 4500 | ||
|---|---|---|---|
| 003 | SGT | ||
| 020 | _a9788120324558 | ||
| 082 |
_a620.11205 _bRAG |
||
| 100 | _aRaghavan,V | ||
| 245 | _aMaterials science and engineering | ||
| 250 | _a5th Ed. | ||
| 260 |
_bPHI Learning Private Limited _aNew Delhi _c2008 |
||
| 300 | _a438p. | ||
| 650 | _aMECHANICAL ENGINEERING | ||
| 653 | _aEQUILIBRIUM AND KINETICS, CRYSTAL GEOMETRY AND STRUCTURE DETERMINATION,STRUCTURE OF SOLIDS,PHASE DIAGRAMS | ||
| 942 |
_2ddc _cBK _01 |
||
| 999 |
_c5171 _d5171 |
||